000 01078nam a2200301Ia 4500
003 OSt
005 20220930091413.0
006 a|||||r|||| 00| 0
007 ta
008 220926b |||||||| |||| 00| 0 eng d
024 _a5877
037 _cTheses
040 _aCRL
_cCRL
_beng
041 _2eng
_aeng
100 _aNayak Rajeev Au.
_9545560
110 _aUniversity of Delhi. Faculty of Medical Sciences. Department of Neurology
_9522087
245 0 _aOccurrence and pattern of infection in neurology and neurosurgery intensive care unit
260 _c2012
300 _a66
_ap.
_ccm.
650 _aNEUROSCIENCES
_928635
700 _a Dr. Ajay Sharma Gu.
_9538299
700 _a Dr. Archana Thakur Gu.
700 _a Dr. M. M. Mehndiratta Gu.
_9539862
700 _a Dr. Sanjay Pandey Gu.
_9541694
700 _aUniversity of Delhi. Faculty of Medical Sciences. Department of Neurology
_9522089
942 _cDIS
_2CC
999 _c882036
_d882036